000 01155nam0a22002531 4500
001 rc\370948
005 20260407080343.0
035 _a(NLR Aleph) 005602484
090 _a6327584
_c6327584
100 _a20030307d1989 |||y0rusy50 ca
101 0 _arus
102 _aRU
105 _aa |||||||||
200 1 _aМЕТОДИЧЕСКИЕ рекомендации для учителей по изучению раздела "Своя область" в курсе Географии СССР
_fВологод. обл. ин-т усовершенствования учителей, Вологод. гос. пед. ин-т
_g[Сост. преп., к. п. н. Н.С. Праслова и др.]
210 _aВологда
_cУпрполиграфиздат
_d1989
215 _a56 с.
_cсхем.
_d20
320 _aБиблиогр.: с. 56
702 1 _aПраслова
_bН.С.
_4220
712 0 2 _aВологодский областной институт усовершенствования учителей
_3RU\NLR\AUTH\885425
_9282533
801 0 _aRU
_bNLR
_gpsbo
801 1 _aRU
_bELAR
_2rusmarc
852 _aNLR
_j89-4/24910
942 _cBOOK
980 _aNB